000 00336 a2200145 4500
001 151256
040 _cEscola São Tomás de Aquino
100 _aBELINKY, Tatiana
240 1 0 _aQuem parte e reparte...
_lpor
245 1 0 _aQuem parte e reparte...
362 0 _a1999
440 1 _aFTD
697 _a*LITERATURA INFANTO
942 _cBK
999 _c151256
_d151256